LEADER 01592oam 2200409 450 001 9910704554003321 005 20131125113435.0 035 $a(CKB)5470000002442165 035 $a(OCoLC)840899971 035 $a(EXLCZ)995470000002442165 100 $a20130426d2013 ua 0 101 0 $aeng 135 $aurbn||||m|||| 181 $ctxt$2rdacontent 182 $cc$2rdamedia 183 $acr$2rdacarrier 200 10$aCurrent and future worldwide threats to the national security of the United States $ehearing before the Committee on Armed Services, United States Senate, One Hundred Twelfth Congress, second session, February 16, 2012 210 1$aWashington :$cU.S. Government Printing Office,$d2013. 215 $a1 online resource (iii, 91 pages) 225 1 $aS. hrg. ;$v112-741 300 $aTitle from title screen (viewed Apr. 26, 2013). 300 $aPaper version available for sale by the Superintendent of Documents, U.S. Government Printing Office. 517 $aCurrent and future worldwide threats to the national security of the United States 606 $aIntelligence service$zUnited States 606 $aNational security$zUnited States 606 $aTerrorism$zUnited States$xPrevention 615 0$aIntelligence service 615 0$aNational security 615 0$aTerrorism$xPrevention. 801 0$bGPO 801 1$bGPO 801 2$bOCLCQ 801 2$bGPO 906 $aBOOK 912 $a9910704554003321 996 $aCurrent and future worldwide threats to the national security of the United States$93441989 997 $aUNINA